000 01122ngm a22004090a 4500
001 PT43743
003 AR-LpoUNG
005 20210201232342.0
007 co ||u|||uuuuu
008 191001s2011||||ec |||||||||||||||||spa d
040 _aAR-LpoUNG
_bspa
_cAR-LpoUNG
_eaacr
041 _aspa
044 _aec
082 0 _a303.4 732mov
100 1 _aBorja Núñez, Raúl
245 1 4 _aLos movimientos sociales en los 80 y 90 :
_bla incidencia de las ONG, la iglesia y la izquierda
260 _aQuito :
_bCentro de Investigaciones CIUDAD,
_c2011.
505 0 _aAcompaña al impreso
650 4 _aANALISIS HISTORICO
650 4 _aANALISIS SOCIOLOGICO
650 4 _aASPECTOS ECONOMICOS
650 4 _aCLASE OBRERA
650 4 _aECUADOR
650 4 _aHISTORIA
650 4 _aIDEOLOGIAS POLITICAS
650 4 _aIGLESIA
650 4 _aMOVIMIENTOS SOCIALES
650 4 _aORGANIZACIONES NO GUBERNAMENTALES
650 4 _aPARTICIPACION SOCIAL
650 4 _aPARTIDOS POLITICOS
650 4 _aPOBLACION
650 4 _aSOCIEDAD
651 4 _aEcuador
653 _aMAES
905 _a43743
942 _cCDDVD
999 _c53450
_d53450